The health consequences of smoking on the human body : report of the surgeon general

Guardado en:
Formato: Libro
Publicado: Estados Unidos de América : Departamento de Salud y Servicio Público
Materias:
Etiquetas: Agregar Etiqueta
Sin Etiquetas, Sea el primero en etiquetar este registro!
LEADER 00858nam a22001695a 4500
001 CEM.cems012670
005 20070816163119.0
008 130507b######################000#0#####d
003 CEMS
082 0 4 |a CD616.86 
245 0 0 |a The health consequences of smoking on the human body :  |b report of the surgeon general 
260 |a Estados Unidos de América :  |b Departamento de Salud y Servicio Público 
300 |a 1 CD-ROM 
500 |a Este Cd-rom es acompañado por un folleto contieniendo la misma información en español. 
505 0 |a El Reporte fue preparado por 19 de los más destacados científicos, médicos y expertos en salud pública del país. Contiene información en ingles acerca de cómo el fumar daña su salud. 
653 |a Tabaquismo -- tabaquismo-ingles -- educación para la salud 
859 |a CEMS  |b BIB. CEMS - 11 de abril  |h CD616.86  |i C625  |p 2142.44  |t Ej.1